000 00544cam a2200181ua 4500
001 2830
008 110909n ii |||gr||||Z||||||asm
040 _cMAIN
082 _a891.4512
100 1 _aBhattacharyya, Harichandra,
_eAuthor.
245 1 1 _aOrigin and development of the assamese drama and the stage
_cby Harichandra Bhattacharyya
250 _a1st.
260 _aGuahati:
_bBarua agency,964.
300 _a251p:
_c23cm.
653 _aAssamese drama
653 _aOrigin and development of the assamese drama and the stage
942 _cBK
999 _c2679
_d2679